Cities of tomorrow : (Record no. 20825)
[ view plain ]
| 000 -LEADER | |
|---|---|
| fixed length control field | 01868cam a22002415a 4500 |
| 001 - CONTROL NUMBER | |
| control field | 17959785 |
| 005 - DATE AND TIME OF LATEST TRANSACTION | |
| control field | 20151207153400.0 |
| 008 - FIXED-LENGTH DATA ELEMENTS--GENERAL INFORMATION | |
| fixed length control field | 131202s2014 enka frb 001 0 eng d |
| 020 ## - INTERNATIONAL STANDARD BOOK NUMBER | |
| International Standard Book Number | 9781118456477 (paperback) |
| 040 ## - CATALOGING SOURCE | |
| Original cataloging agency | DLC |
| Language of cataloging | eng |
| Transcribing agency | DLC |
| Description conventions | EG-ScBUE |
| Modifying agency | DLC |
| 082 04 - DEWEY DECIMAL CLASSIFICATION NUMBER | |
| Classification number | 307.12160904 |
| Edition number | 22 |
| Item number | HAL |
| 100 1# - MAIN ENTRY--PERSONAL NAME | |
| Personal name | Hall, Peter, |
| Dates associated with a name | 1932-2014 |
| 9 (RLIN) | 38866 |
| 245 10 - TITLE STATEMENT | |
| Title | Cities of tomorrow : |
| Remainder of title | an intellectual history of urban planning and design since 1880 / |
| Statement of responsibility, etc | Peter Hall. |
| 250 ## - EDITION STATEMENT | |
| Edition statement | 4th ed. |
| 260 ## - PUBLICATION, DISTRIBUTION, ETC. (IMPRINT) | |
| Place of publication, distribution, etc | West Sussex : |
| Name of publisher, distributor, etc | Wiley Blackwell, |
| Date of publication, distribution, etc | 2014. |
| 300 ## - PHYSICAL DESCRIPTION | |
| Extent | xvi, 624 p. : |
| Other physical details | ill. ; |
| Dimensions | 25 cm. |
| 500 ## - GENERAL NOTE | |
| General note | Index : p . [608]-624. |
| 504 ## - BIBLIOGRAPHY, ETC. NOTE | |
| Bibliography, etc | Bibliographical : p. 529-607. |
| 520 ## - SUMMARY, ETC. | |
| Summary, etc | "Peter Hall's seminal Cities of Tomorrow remains an unrivalled account of the history of planning in theory and practice, as well as of the social and economic problems and opportunities that gave rise to it. Now comprehensively revised, the fourth edition offers a perceptive, critical, and global history of urban planning and design throughout the twentieth-century and beyond. A revised and updated edition of this classic text from one of the most notable figures in the field of urban planning and design Offers an incisive, insightful, and unrivalled critical history of planning in theory and practice, as well as of the underlying socio-economic challenges and opportunities Comprehensively revised to take account of abundant new research published over the last decade Reviews the development of the modern planning movement over the entire span of the twentieth-century and beyond Draws on global examples throughout, and weaves the author's own fascinating experiences into the text to illustrate this authoritative story of urban growth "-- |
| 650 #0 - SUBJECT ADDED ENTRY--TOPICAL TERM | |
| Topical term or geographic name as entry element | City planning |
| General subdivision | History |
| Chronological subdivision | 20th century. |
| Source of heading or term | BUEsh |
| 653 ## - INDEX TERM--UNCONTROLLED | |
| Resource For college | Engineering, Architecture |
| Arrived date list | September2015 |
| -- | December2015 |
| 942 ## - ADDED ENTRY ELEMENTS (KOHA) | |
| Source of classification or shelving scheme | Dewey Decimal Classification |
| Withdrawn status | Lost status | Source of classification or shelving scheme | Damaged status | Not for loan | Koha collection | Home library | Current library | Shelving location | Date acquired | Source of acquisition | Cost, normal purchase price | Serial Enumeration / chronology | Total Checkouts | Total Renewals | Full call number | Barcode | Checked out | Date last seen | Date last borrowed | Cost, replacement price | Koha item type |
|---|---|---|---|---|---|---|---|---|---|---|---|---|---|---|---|---|---|---|---|---|---|
| Dewey Decimal Classification | Baccah | Central Library | Central Library | First floor | 01/09/2015 | Purchase | 363.00 | 23317 | 1 | 1 | 307.12160904 HAL | 000039550 | 02/02/2026 | 20/12/2022 | 20/12/2022 | 454.00 | Book - Borrowing |